1024 1349 1927 1343 1131 1197 1146 1250 1740 1644 1186 1774 1400 1916 1381 1852 1748 1114 1779 1847 1275 1829 1296 1377 1380 1538 1669 1835 1823 1551 1259 1609 1604 1681 1181 1292 1571 1877 1200 1903 1275 1145 1753 1013 1730 1780 1967 1997 1112 1955 1205 1750 1368 1643 1881 1147 1988 1100 1273 1316 1678 1993 1485 1216 1667 1891 1417 1648 1267 1352 1838 1303 1793 1565 1517 1068 1977 1840 1050 1058 1226 1589 1590 1428 1528 1004 1280 1189 1711 1138 1635 1423 1268 1073 1318 1036 1082 1188 1862 BCNSPRNW ULIB Ver.6.0+V

เปลี่ยนเป็นภาษาไทย

Change to English
 แสดงรายละเอียดบรรณานุกรม
  กลับหน้าหลัก

Brief Record : Get Marc (ISO 2709) : E-mail record : QR code < ปิดหน้าต่าง
LEADER : 00000nam 2200000uu 4500
001    13399112943
003     ULIB
008    110919s2549||||th 000 0 tha d
020    974947600x
050 04 LB2369^bว262ผ 2549
100 0  วรรณวิไล พันธุ์สีดา
245 10 ผลงานทางวิชาการ ก้าวสู่วิทยาฐานะ /^cวรรณวิไล พันธุ์สีดา
250    พิมพ์ครั้งที่ 1
260    กรุงเทพฯ :^bอี เค บุคส์,^c2549
300    208 หน้า ;^c26 ซม
650  7 ผลงานทางวิชาการ
650  7 การเขียนทางวิชาการ
650  7 ตำรา^xการเขียน
945    ^p150^l0^i027083
945    ^p150^l0^i027084
995    ทศพร
999 ^a ทศพร
รายการนี้ยังไม่มีแท็ก
คุณยังไม่ได้ล็อกอิน คุณสามารถมีกิจกรรมร่วมกับเว็บไซต์ได้ แต่ต้องล็อกอินก่อน ::
  ล็อกอิน

รายการสื่อสารสนเทศ

ลำดับที่ ประเภท เลขเรียก/บาร์โค้ด สถานที่ สถานะ
- ไม่พบข้อมูล -

รายการใกล้เคียง
    ผู้แต่ง [วรรณวิไล พันธุ์สีดา]

    หัวเรื่อง [ผลงานทางวิชาการ]
    หัวเรื่อง [การเขียนทางวิชาการ]

BibComment


ยังไม่เคยถูกคอมเมนท์

คอมเมนท์ทรัพยากรรายการนี้
  คอมเมนท์: ผลงานทางวิชาการ ก..


 Copyright 2026. Bcnsprnw @Library